[Event "Salon de Provence op 6th"]
[Site "Salon de Provence"]
[Date "2015.07.04"]
[Round "9"]
[White "Derige Kane, Yan"]
[Black "Derien, Robert"]
[Result "1-0"]
[WhiteElo "1940"]
[BlackElo "1626"]
[PlyCount "105"]
[EventDate "2015.07.04"]
[EventType "swiss"]
[EventRounds "9"]
[EventCountry "FRA"]
[SourceTitle "EXT 2016"]
[Source "ChessBase"]
[SourceDate "2015.10.08"]
[SourceVersion "1"]
[SourceVersionDate "2015.10.08"]
[SourceQuality "1"]

1. d4 Nf6 2. Bg5 d5 3. Nf3 c6 4. e3 Nbd7 5. c4 e6 6. cxd5 exd5 7. Nc3 Bb4 8. Bd3 0-0 9. 0-0 h6 10. Bh4 Re8 11. Qc2 Be7 12. Bg3 Nf8 13. e4 dxe4 14. Nxe4 Nxe4 15. Bxe4 Bf6 16. Rad1 Be6 17. Ne5 Rc8 18. a3 Bd5 19. Bf5 Be6 20. Bd3 Bd5 21. Bc4 Qe7 22. Bxd5 cxd5 23. Qb3 Bxe5 24. dxe5 d4 25. Rxd4 Qc5 26. Rd7 Ne6 27. Rxb7 Red8 28. h4 Rd4 29. Qf3 Rf8 30. Rb3 Rd5 31. Qc3 Qe7 32. Rb4 a5 33. Rc4 Rfd8 34. Rc8 Rxc8 35. Qxc8+ Kh7 36. Qc2+ g6 37. Rc1 Qd8 38. Qc8 Qe7 39. Kh2 Rd8 40. Qc3 Rd5 41. b4 axb4 42. Qxb4 Qd7 43. Qb8 Rd3 44. Rc8 Nd8 45. Rc7 Qf5 46. a4 g5 47. Rc4 Ne6 48. Qb2 gxh4 49. Rxh4 Ng5 50. Qc1 Qg6 51. Bf4 Rh3+ 52. Rxh3 Nxh3 53. gxh3 1-0

[Event "Vitrolles-ch 13th"]
[Site "Vitrolles"]
[Date "2013.02.02"]
[Round "7"]
[White "Vallette, Patrick"]
[Black "Derien, Robert"]
[Result "1-0"]
[WhiteElo "1800"]
[BlackElo "1699"]
[PlyCount "113"]
[EventDate "2012.03.09"]
[EventType "swiss"]
[EventRounds "9"]
[EventCountry "FRA"]
[SourceTitle "EXT 2014"]
[Source "ChessBase"]
[SourceDate "2013.11.20"]
[SourceVersion "1"]
[SourceVersionDate "2013.11.20"]
[SourceQuality "1"]

1. e4 e5 2. Nf3 Nc6 3. c3 Nf6 4. d4 exd4 5. e5 Ng4 6. cxd4 Bb4+ 7. Nc3 d6 8. h3 Nh6 9. Bg5 Qd7 10. Bb5 a6 11. Qa4 Ra7 12. Bxc6 Bxc3+ 13. bxc3 Qxc6 14. Qxc6+ bxc6 15. 0-0 Bf5 16. Nh4 Be6 17. Rfb1 Kd7 18. g4 Rf8 19. Rb2 Ng8 20. Nf5 h6 21. Bf4 g6 22. Ne3 f5 23. gxf5 Bxf5 24. Nxf5 Rxf5 25. Bg3 Rf3 26. exd6 cxd6 27. Rab1 Rxc3 28. Rb7+ Rxb7 29. Rxb7+ Ke6 30. Rb6 Nf6 31. Rxa6 Ne4 32. Bf4 g5 33. Be3 Nf6 34. Kf1 Nd5 35. Ke2 Rc2+ 36. Kd1 Rc3 37. Kd2 Rc2+ 38. Kd1 Rc3 39. Kd2 Rc2+ 40. Kxc2 Nb4+ 41. Kb3 Nxa6 42. Ka4 Nc7 43. Ka5 Nd5 44. Bd2 Kd7 45. Ka6 Kc7 46. a3 Kc8 47. f3 Kc7 48. Ba5+ Kc8 49. Bb4 Nxb4+ 50. axb4 Kc7 51. b5 cxb5 52. Kxb5 Kb7 53. d5 Kc7 54. Ka6 Kc8 55. Kb6 Kd7 56. Kb7 h5 57. Kb6 1-0

[Event "Vitrolles-ch 13th"]
[Site "Vitrolles"]
[Date "2012.10.06"]
[Round "1"]
[White "Derien, Robert"]
[Black "Colandrea, Sauveur"]
[Result "0-1"]
[WhiteElo "1699"]
[BlackElo "1839"]
[PlyCount "58"]
[EventDate "2012.03.09"]
[EventType "swiss"]
[EventRounds "9"]
[EventCountry "FRA"]
[SourceTitle "EXT 2014"]
[Source "ChessBase"]
[SourceDate "2013.11.20"]
[SourceVersion "1"]
[SourceVersionDate "2013.11.20"]
[SourceQuality "1"]

1. e4 e5 2. Nf3 Nc6 3. Bc4 Nf6 4. Nc3 Nxe4 5. Bxf7+ Kxf7 6. Nxe4 d5 7. Neg5+ Kg8 8. d3 h6 9. Nh3 Bd6 10. Bd2 Bg4 11. Nhg1 e4 12. h3 exf3 13. hxg4 fxg2 14. Rh3 Qd7 15. Qf3 Re8+ 16. Kd1 Qe6 17. Qxg2 Bf4 18. Qf3 Bg5 19. Ne2 Ne5 20. Qg2 Nc4 21. f4 Nxb2+ 22. Kc1 Bf6 23. Re3 Nxd3+ 24. cxd3 Qc6+ 25. Kd1 Rxe3 26. Bxe3 Bxa1 27. Ke1 Kf7 28. Kf2 d4 29. Qxc6 dxe3+ 0-1

[Event "Pierrevert op 5th"]
[Site "Pierrevert"]
[Date "2007.04.19"]
[Round "8"]
[White "Jean, Claude"]
[Black "Derien, Robert"]
[Result "1-0"]
[WhiteElo "2201"]
[BlackElo "1850"]
[PlyCount "141"]
[EventDate "2007.04.15"]
[EventType "swiss"]
[EventRounds "9"]
[EventCountry "FRA"]
[SourceTitle "CBM 118 Extra"]
[Source "ChessBase"]
[SourceDate "2007.07.04"]
[SourceVersion "1"]
[SourceVersionDate "2007.07.04"]
[SourceQuality "1"]

1. Nf3 d5 2. d4 Nf6 3. g3 e6 4. Bg2 Be7 5. c4 0-0 6. 0-0 c6 7. b3 Nbd7 8. Nbd2 Re8 9. Bb2 Qc7 10. Qc2 Bf8 11. e4 dxe4 12. Nxe4 Nxe4 13. Qxe4 Nf6 14. Qc2 Bd7 15. Rfe1 Rad8 16. Ne5 Bc8 17. Rad1 g6 18. f4 Bg7 19. Qf2 Nd7 20. b4 Nxe5 21. fxe5 b6 22. Rc1 Bb7 23. d5 exd5 24. cxd5 c5 25. d6 Qd7 26. bxc5 Bxg2 27. Qxg2 bxc5 28. Rxc5 Qe6 29. Rd5 f6 30. Qd2 fxe5 31. Bxe5 Bf8 32. Rd1 Rd7 33. a4 h6 34. a5 g5 35. Qd3 Red8 36. Kg2 Rb8 37. Rd2 Rbd8 38. h3 Bg7 39. Bxg7 Kxg7 40. Re2 Qf6 41. Rf2 Qe6 42. Qd4+ Kg8 43. Rd2 Re8 44. Kh2 Qe1 45. Rf5 Re2+ 46. Rxe2 Qxe2+ 47. Rf2 Rxd6 48. Qxa7 Qe8 49. Rb2 Rd8 50. Qb6 Kh7 51. a6 h5 52. a7 h4 53. Qf2 Qe7 54. Ra2 Ra8 55. gxh4 gxh4 56. Qf5+ Kh8 57. Qh5+ Qh7 58. Qxh7+ Kxh7 59. Ra6 Kg7 60. Kg2 Kf7 61. Kf3 Ke7 62. Kg4 Kd7 63. Kxh4 Kc7 64. Rh6 Kb7 65. Rh7+ Kc6 66. Kh5 Rg8 67. h4 Kb6 68. Kh6 Kc6 69. h5 Kb6 70. Rg7 Rxg7 71. Kxg7 1-0

[Event "Vitrolles Majeur op 0405"]
[Site "Vitrolles"]
[Date "2004.12.11"]
[Round "4"]
[White "Derien, Robert"]
[Black "Mamert, Robert"]
[Result "1/2-1/2"]
[WhiteElo "1760"]
[BlackElo "1810"]
[PlyCount "50"]
[EventDate "2004.10.16"]
[EventType "swiss"]
[EventRounds "9"]
[EventCountry "FRA"]
[SourceTitle "EXT 2008"]
[Source "ChessBase"]
[SourceDate "2007.11.25"]
[SourceVersion "1"]
[SourceVersionDate "2007.11.25"]
[SourceQuality "1"]

1. e4 d6 2. d4 Nf6 3. Nc3 g6 4. Nf3 Bg7 5. h3 c6 6. Bd3 0-0 7. Be3 b5 8. b4 Na6 9. a3 Nc7 10. Qd2 Bb7 11. 0-0 Re8 12. Bg5 Rc8 13. Rfd1 Qd7 14. e5 Nfd5 15. Nxd5 Nxd5 16. c4 bxc4 17. Bxc4 Nb6 18. Bb3 c5 19. dxc5 Bxf3 20. Qf4 Bd5 21. Bxd5 Nxd5 22. Rxd5 Qe6 23. Qf3 dxc5 24. bxc5 Bxe5 25. Rad1 Bc7 1/2-1/2

[Event "Vitrolles Majeur op 0405"]
[Site "Vitrolles"]
[Date "2004.11.13"]
[Round "2"]
[White "Derien, Robert"]
[Black "Zejneli, Skender"]
[Result "1/2-1/2"]
[WhiteElo "1760"]
[BlackElo "2050"]
[PlyCount "88"]
[EventDate "2004.10.16"]
[EventType "swiss"]
[EventRounds "9"]
[EventCountry "FRA"]
[SourceTitle "EXT 2008"]
[Source "ChessBase"]
[SourceDate "2007.11.25"]
[SourceVersion "1"]
[SourceVersionDate "2007.11.25"]
[SourceQuality "1"]

1. e4 b6 2. d4 Bb7 3. Nc3 d6 4. Nf3 g6 5. Bc4 Bg7 6. Ng5 e6 7. Qg4 Qe7 8. Be3 h6 9. Nxe6 fxe6 10. Qxg6+ Qf7 11. Qxe6+ Qxe6 12. Bxe6 Ke7 13. Bc4 Nf6 14. f3 Nbd7 15. 0-0-0 Rae8 16. g4 Kd8 17. Rhe1 Kc8 18. a4 Rhf8 19. h3 Nh7 20. f4 c5 21. Nb5 cxd4 22. Nxd6+ Kc7 23. Nxe8+ Rxe8 24. Bxd4 Bxd4 25. Rxd4 Nc5 26. Bd3 Ne6 27. Rc4+ Kb8 28. e5 Bd5 29. Rb4 Nhf8 30. h4 Nc5 31. f5 Nfd7 32. Rd4 Nxe5 33. Rxd5 Nexd3+ 34. cxd3 Rxe1+ 35. Kd2 Rg1 36. Rd4 Nb3+ 37. Kc3 Nxd4 38. Kxd4 Rxg4+ 39. Ke5 Rxh4 40. f6 Rh3 41. d4 Rf3 42. d5 Kc8 43. Ke6 Kd8 44. b4 h5 1/2-1/2

[Event "Bouches du Rhone-ch 0203"]
[Site "Provence"]
[Date "2003.03.01"]
[Round "7"]
[White "Alard, Francis"]
[Black "Derien, Robert"]
[Result "1-0"]
[WhiteElo "1710"]
[BlackElo "1710"]
[PlyCount "119"]
[EventDate "2002.10.??"]
[EventType "swiss"]
[EventRounds "9"]
[EventCountry "FRA"]
[SourceTitle "EXT 2005"]
[Source "ChessBase"]
[SourceDate "2004.11.15"]
[SourceVersion "1"]
[SourceVersionDate "2004.11.15"]
[SourceQuality "1"]

1. e4 d5 2. exd5 Qxd5 3. Nc3 Qa5 4. d4 Nf6 5. Nf3 Bg4 6. h3 Bxf3 7. Qxf3 c6 8. Bd2 Nbd7 9. Bc4 e6 10. 0-0-0 Qc7 11. g4 Nb6 12. Bb3 Nbd5 13. g5 Nxc3 14. Bxc3 Nd5 15. Bd2 b5 16. Rhe1 Bd6 17. Bxd5 cxd5 18. Qxd5 0-0 19. Qxb5 Rfc8 20. Qd3 a5 21. Kb1 a4 22. Rc1 Rab8 23. h4 Qb6 24. b3 Ba3 25. Rcd1 axb3 26. cxb3 Ra8 27. Re5 Bb4 28. Bxb4 Qxb4 29. Rd2 Rc3 30. Qe2 Qa3 31. Rb2 Rac8 32. Rc5 R3xc5 33. dxc5 Qb4 34. h5 Qxc5 35. Rc2 Qf5 36. Kb2 Rd8 37. Qe3 Qa5 38. Qc5 Qa8 39. a4 Rb8 40. Qc7 Rd8 41. f4 Qd5 42. h6 gxh6 43. gxh6 Rd7 44. Qb8+ Rd8 45. Qe5 Qxe5+ 46. fxe5 f5 47. exf6 Kf7 48. Rc7+ Kxf6 49. Rxh7 Rd2+ 50. Ka3 Rh2 51. a5 Kg6 52. Rh8 Rh5 53. b4 Rh1 54. b5 Ra1+ 55. Kb4 Rb1+ 56. Kc5 e5 57. a6 Rc1+ 58. Kb6 e4 59. a7 Ra1 60. a8Q 1-0

[Event "Bouches du Rhone-ch 0203"]
[Site "Provence"]
[Date "2002.11.09"]
[Round "2"]
[White "Colandrea, Sauveur"]
[Black "Derien, Robert"]
[Result "1-0"]
[WhiteElo "1790"]
[BlackElo "1710"]
[PlyCount "103"]
[EventDate "2002.10.??"]
[EventType "swiss"]
[EventRounds "9"]
[EventCountry "FRA"]
[SourceTitle "EXT 2005"]
[Source "ChessBase"]
[SourceDate "2004.11.15"]
[SourceVersion "1"]
[SourceVersionDate "2004.11.15"]
[SourceQuality "1"]

1. d4 Nf6 2. Nf3 e6 3. c4 d5 4. g3 c6 5. Bg2 Be7 6. 0-0 Nbd7 7. Nc3 dxc4 8. Qc2 Nb6 9. a4 a5 10. Rd1 0-0 11. Bf4 Nfd5 12. Ne4 Nxf4 13. gxf4 h6 14. Ne5 Qe8 15. e3 Rb8 16. Nd2 Bd7 17. Ndxc4 Nxc4 18. Nxc4 b6 19. Ne5 Rc8 20. Rac1 c5 21. Nxd7 Qxd7 22. dxc5 Qc7 23. c6 Rcd8 24. Qe2 Rd6 25. Qa6 Rfd8 26. Rxd6 Rxd6 27. Qb7 Bd8 28. Bf3 Kf8 29. Rc3 g6 30. Rc4 Rd2 31. b4 axb4 32. Rxb4 Qd6 33. Rxb6 Rxf2 34. Kxf2 Qd2+ 35. Be2 Bh4+ 36. Kf3 Qd5+ 37. e4 Qh5+ 38. Ke3 Qc5+ 39. Kd3 Bf2 40. Qb8+ Kg7 41. Qe5+ Qxe5 42. fxe5 Bxb6 43. Kc4 Kf8 44. Kb5 Bc7 45. a5 Bb8 46. Kb6 Bxe5 47. c7 Bxh2 48. c8Q+ Kg7 49. Qc3+ e5 50. a6 Bg1+ 51. Kb7 Bd4 52. Qh3 1-0

[Event "Majeur-chT 0001"]
[Site "France"]
[Date "2001.??.??"]
[Round "8"]
[White "Gouiran, Serge"]
[Black "Derien, Robert"]
[Result "0-1"]
[WhiteElo "1600"]
[BlackElo "1690"]
[PlyCount "60"]
[EventDate "2000.??.??"]
[EventType "team"]
[EventRounds "9"]
[EventCountry "FRA"]
[SourceTitle "EXT 2005"]
[Source "ChessBase"]
[SourceDate "2004.11.15"]
[SourceVersion "1"]
[SourceVersionDate "2004.11.15"]
[SourceQuality "1"]

1. e4 e5 2. Nf3 Nc6 3. Bc4 Nf6 4. Nc3 d6 5. d3 Be7 6. Be3 Bd7 7. Qe2 Na5 8. Nd2 Nxc4 9. Nxc4 a6 10. h3 b5 11. Nd2 Be6 12. f4 exf4 13. Bxf4 c5 14. a3 h6 15. e5 Nd5 16. Nxd5 dxe5 17. Qxe5 Bxd5 18. 0-0-0 0-0 19. Qe2 Bf6 20. Nf3 Re8 21. Qf2 Rc8 22. Rhe1 Rxe1 23. Rxe1 b4 24. axb4 cxb4 25. Be5 Bxe5 26. Nxe5 Qg5+ 27. Kd1 Qxg2 28. Qxg2 Bxg2 29. h4 Bd5 30. Ng4 Bf3+ 0-1

[Event "Majeur-chT 0001"]
[Site "France"]
[Date "2000.??.??"]
[Round "2"]
[White "Piat, Jerome P"]
[Black "Derien, Robert"]
[Result "1-0"]
[WhiteElo "1850"]
[BlackElo "1690"]
[PlyCount "89"]
[EventDate "2000.??.??"]
[EventType "team"]
[EventRounds "9"]
[EventCountry "FRA"]
[SourceTitle "EXT 2005"]
[Source "ChessBase"]
[SourceDate "2004.11.15"]
[SourceVersion "1"]
[SourceVersionDate "2004.11.15"]
[SourceQuality "1"]

1. d4 Nf6 2. c4 e5 3. dxe5 Ng4 4. Bf4 Bc5 5. e3 d6 6. exd6 cxd6 7. Nd2 Qe7 8. Be2 Ne5 9. Ngf3 Nbc6 10. 0-0 Bg4 11. a3 a5 12. Re1 0-0 13. Qc2 h6 14. Rad1 Bh5 15. Qc3 Rad8 16. Nd4 Bxe2 17. Rxe2 Rfe8 18. Nxc6 Nxc6 19. Nb3 Bb6 20. a4 Rd7 21. Red2 Red8 22. Nd4 Nxd4 23. exd4 Re8 24. h3 Qf6 25. Bxd6 Rxd6 26. c5 Rc6 27. Qb3 Bc7 28. Qxb7 Qe6 29. g3 Qg6 30. Qb3 Rce6 31. Qf3 Re1+ 32. Rxe1 Rxe1+ 33. Kg2 Qa6 34. Rd3 Qc4 35. b3 Qc1 36. Qf5 Re6 37. Rf3 Re1 38. Qxf7+ Kh7 39. Qf5+ Kg8 40. Qf7+ Kh7 41. h4 Rh1 42. Qf5+ Kg8 43. Re3 Qf1+ 44. Kf3 Qxf2+ 45. Kxf2 1-0

[Event "Provence-ch access Meyreuil 9900"]
[Site "France"]
[Date "1999.10.09"]
[Round "1"]
[White "Derien, Robert"]
[Black "Mamert, Robert"]
[Result "1/2-1/2"]
[WhiteElo "1700"]
[BlackElo "1810"]
[PlyCount "50"]
[EventDate "1999.??.??"]
[EventType "tourn"]
[EventRounds "9"]
[EventCountry "FRA"]
[SourceTitle "EXT 2005"]
[Source "ChessBase"]
[SourceDate "2004.11.15"]
[SourceVersion "1"]
[SourceVersionDate "2004.11.15"]
[SourceQuality "1"]

1. e4 e5 2. Nf3 Nc6 3. Bc4 Bc5 4. Nc3 Nf6 5. d3 d6 6. 0-0 Be6 7. Bxe6 fxe6 8. Bg5 0-0 9. Na4 Bb6 10. c4 h6 11. Nxb6 axb6 12. Be3 Qe8 13. h3 Qg6 14. Nh4 Qh5 15. Qxh5 Nxh5 16. g3 g5 17. Ng2 Rf7 18. h4 gxh4 19. Nxh4 Kh7 20. a3 Rg8 21. Kh2 Rgf8 22. Kg2 Rg8 23. Kh2 Rgf8 24. Kg2 Rg8 25. Kh2 Rgf8 1/2-1/2

[Event "Provence-ch Majeur op 9899"]
[Site "France"]
[Date "1999.??.??"]
[Round "6"]
[White "Derien, Robert"]
[Black "Piat, Jerome P"]
[Result "0-1"]
[WhiteElo "1740"]
[BlackElo "1830"]
[PlyCount "79"]
[EventDate "1998.??.??"]
[EventType "swiss"]
[EventRounds "9"]
[EventCountry "FRA"]
[SourceTitle "EXT 2005"]
[Source "ChessBase"]
[SourceDate "2004.11.15"]
[SourceVersion "1"]
[SourceVersionDate "2004.11.15"]
[SourceQuality "1"]

1. e4 d5 2. exd5 Qxd5 3. Nc3 Qa5 4. d4 c6 5. Nf3 Nf6 6. Bd3 Bg4 7. h3 Qh5 8. Be2 Nbd7 9. Be3 e6 10. a3 0-0-0 11. Qd2 Bd6 12. 0-0-0 Bxf3 13. Bxf3 Qf5 14. Qd3 Bf4 15. Qxf5 Bxe3+ 16. fxe3 exf5 17. e4 fxe4 18. Nxe4 Nxe4 19. Bxe4 Nf6 20. Bf3 Kc7 21. Rhe1 Rhe8 22. c3 h6 23. h4 Kd6 24. Kc2 Nd5 25. Kd3 g5 26. hxg5 hxg5 27. g3 f5 28. c4 Nf6 29. Rh1 f4 30. gxf4 gxf4 31. Rde1 Rxe1 32. Rxe1 Rh8 33. Rh1 Re8 34. Rf1 Re3+ 35. Kc2 Ke6 36. d5+ cxd5 37. cxd5+ Ke5 38. d6 b6 39. Rf2 Kxd6 40. Re2 0-1

[Event "Provence-ch Majeur op 9899"]
[Site "France"]
[Date "1999.??.??"]
[Round "5"]
[White "Ferrero, Patrick"]
[Black "Derien, Robert"]
[Result "1-0"]
[WhiteElo "1870"]
[BlackElo "1740"]
[PlyCount "135"]
[EventDate "1998.??.??"]
[EventType "swiss"]
[EventRounds "9"]
[EventCountry "FRA"]
[SourceTitle "EXT 2005"]
[Source "ChessBase"]
[SourceDate "2004.11.15"]
[SourceVersion "1"]
[SourceVersionDate "2004.11.15"]
[SourceQuality "1"]

1. Nf3 Nf6 2. g3 g6 3. b4 d5 4. Bb2 Bg7 5. Bg2 Nbd7 6. c4 e6 7. 0-0 0-0 8. cxd5 exd5 9. Nc3 c6 10. Qb3 Re8 11. e3 a5 12. b5 Nc5 13. Qd1 Nd3 14. Ba3 c5 15. h3 b6 16. Ne1 Ne5 17. d3 Rb8 18. Rc1 Be6 19. f4 Ned7 20. Nf3 h6 21. Rc2 Nh7 22. Bb2 d4 23. exd4 cxd4 24. Ne2 Bxa2 25. Nfxd4 Nc5 26. Nc6 Qd6 27. Bxg7 Kxg7 28. Rxa2 Rbc8 29. Ned4 Re3 30. Qg4 Qd7 31. Qxd7 Nxd7 32. Rf3 Rce8 33. Rxe3 Rxe3 34. Nf3 Nhf6 35. Nce5 Nc5 36. d4 Ne6 37. Nc4 Rb3 38. Rb2 Rxb2 39. Nxb2 Nc7 40. Bf1 Ne4 41. Na4 Nd6 42. Nc3 Nf5 43. Kf2 f6 44. Bd3 Ne7 45. Be4 f5 46. Bd3 Ncd5 47. Nxd5 Nxd5 48. Bc4 Nc3 49. d5 Ne4+ 50. Kg2 Nd6 51. Ne5 a4 52. Kf3 a3 53. Ba2 Nxb5 54. Nc6 Nd6 55. Ke3 Kf6 56. Kd4 g5 57. Kc3 Ne4+ 58. Kb4 Nd6 59. Kxa3 Kf7 60. Kb4 Ke8 61. Nd4 Ke7 62. Bb1 Kf6 63. Bc2 h5 64. h4 g4 65. Bd3 Kg6 66. Nxf5 Nxf5 67. d6 Kf6 68. Bxf5 1-0

[Event "Provence-ch Majeur op 9899"]
[Site "France"]
[Date "1998.??.??"]
[Round "3"]
[White "Zejneli, Skender"]
[Black "Derien, Robert"]
[Result "1/2-1/2"]
[WhiteElo "1820"]
[BlackElo "1740"]
[PlyCount "70"]
[EventDate "1998.??.??"]
[EventType "swiss"]
[EventRounds "9"]
[EventCountry "FRA"]
[SourceTitle "EXT 2005"]
[Source "ChessBase"]
[SourceDate "2004.11.15"]
[SourceVersion "1"]
[SourceVersionDate "2004.11.15"]
[SourceQuality "1"]

1. e4 d5 2. exd5 Qxd5 3. Nc3 Qa5 4. d4 Nf6 5. Nf3 Bg4 6. Be2 Nbd7 7. Bd2 c6 8. a3 Qc7 9. Ng5 Bxe2 10. Qxe2 h6 11. Nge4 e6 12. g3 Be7 13. b4 a5 14. b5 Nxe4 15. Qxe4 Nf6 16. Qf3 Nd5 17. bxc6 Qxc6 18. Nxd5 exd5 19. c3 b5 20. 0-0 0-0 21. Rfe1 Bf6 22. Rab1 Rfe8 23. Rxe8+ Rxe8 24. Qd3 Rb8 25. a4 b4 26. cxb4 axb4 27. Rxb4 Rxb4 28. Bxb4 Qxa4 29. Bc5 Qa2 30. Qe3 Qa8 31. Kg2 Qc6 32. Kf3 Bg5 33. Qb3 Qe6 34. Kg2 Qe4+ 35. Qf3 Qe6 1/2-1/2

[Event "Provence-ch access Meyreuil 9697"]
[Site "France"]
[Date "1997.??.??"]
[Round "6"]
[White "Derien, Robert"]
[Black "Gozzo, Jean Claude"]
[Result "0-1"]
[WhiteElo "1630"]
[BlackElo "1640"]
[PlyCount "124"]
[EventDate "1996.??.??"]
[EventType "tourn"]
[EventRounds "7"]
[EventCountry "FRA"]
[SourceTitle "EXT 2005"]
[Source "ChessBase"]
[SourceDate "2004.11.15"]
[SourceVersion "1"]
[SourceVersionDate "2004.11.15"]
[SourceQuality "1"]

1. e4 e6 2. d4 d5 3. Nc3 Nf6 4. Bg5 Bb4 5. e5 h6 6. Bd2 Bxc3 7. bxc3 Ne4 8. Qg4 g6 9. h4 c5 10. Bd3 Nxd2 11. Kxd2 Nc6 12. Rh3 Qa5 13. dxc5 Nxe5 14. Qd4 f6 15. f4 Nxd3 16. Rxd3 Rf8 17. Re3 Qd8 18. Rae1 Kf7 19. g4 a5 20. a4 Ra6 21. Nf3 b6 22. cxb6 Qxb6 23. g5 Qxd4+ 24. cxd4 hxg5 25. hxg5 Kg7 26. gxf6+ Rxf6 27. Rc3 Rxf4 28. Ke3 Re4+ 29. Kd2 Rxe1 30. Kxe1 Ra8 31. Ne5 g5 32. Rc7+ Kh6 33. Kf2 Ba6 34. Kg3 Be2 35. Ng4+ Bxg4 36. Kxg4 Kg6 37. Re7 Kf6 38. Rc7 Rh8 39. c3 Rh4+ 40. Kg3 Re4 41. Rc8 Kf7 42. Rc4 Kf6 43. Rc8 g4 44. Rf8+ Ke7 45. Rc8 Kd6 46. Rc5 e5 47. Rxa5 exd4 48. cxd4 Rxd4 49. Ra8 Kc7 50. Ra5 Kb6 51. Ra8 Rb4 52. Rb8+ Kc5 53. Rc8+ Kd6 54. a5 Kd7 55. Ra8 d4 56. Kxg4 d3+ 57. Kf3 Rd4 58. Ke3 d2 59. Kxd4 d1Q+ 60. Kc4 Qc2+ 61. Kd4 Qf2+ 62. Ke5 Qe3+ 0-1

[Event "Provence-ch access Meyreuil 9697"]
[Site "France"]
[Date "1996.??.??"]
[Round "1"]
[White "Derien, Robert"]
[Black "Osman, Mehdi"]
[Result "0-1"]
[WhiteElo "1630"]
[BlackElo "1750"]
[PlyCount "103"]
[EventDate "1996.??.??"]
[EventType "tourn"]
[EventRounds "7"]
[EventCountry "FRA"]
[SourceTitle "EXT 2005"]
[Source "ChessBase"]
[SourceDate "2004.11.15"]
[SourceVersion "1"]
[SourceVersionDate "2004.11.15"]
[SourceQuality "1"]

1. e4 d6 2. d4 Nf6 3. Nc3 g6 4. Nf3 Bg7 5. Bg5 0-0 6. Qd2 Nbd7 7. Bd3 c5 8. e5 Ne8 9. Nd5 f6 10. exf6 exf6 11. Be3 cxd4 12. Bxd4 Ne5 13. Be2 Be6 14. Nf4 Bf7 15. Nd3 Nc7 16. 0-0 Ne6 17. Bc3 Nc4 18. Qc1 Rc8 19. a4 Re8 20. Re1 Qb6 21. a5 Qc6 22. Nd4 Nxd4 23. Bxd4 a6 24. Bf3 Qb5 25. b4 Ne5 26. Nxe5 dxe5 27. Bc5 f5 28. Ra3 e4 29. Be2 Qc6 30. h4 Be5 31. h5 f4 32. Bg4 Rc7 33. Rd1 gxh5 34. Bf5 Be6 35. Bxe6+ Qxe6 36. Qd2 Qg4 37. Qd5+ Kh8 38. f3 exf3 39. Rxf3 Rg7 40. Rf2 h6 41. Re1 Rd7 42. Qe4 h4 43. Rf3 Rg7 44. Rf2 h3 45. Ref1 hxg2 46. Qxg2 Qd7 47. Qxg7+ Qxg7+ 48. Rg2 Bd4+ 49. Kh1 Qe5 50. Bxd4 Qxd4 51. Rg4 Rg8 52. Rh4 0-1

[Event "Provence-ch prom Meyreuil 9495"]
[Site "France"]
[Date "1994.??.??"]
[Round "1"]
[White "Madranges, Jean"]
[Black "Derien, Robert"]
[Result "1-0"]
[WhiteElo "1730"]
[BlackElo "1630"]
[PlyCount "71"]
[EventDate "1994.??.??"]
[EventType "tourn"]
[EventRounds "9"]
[EventCountry "FRA"]
[SourceTitle "EXT 2005"]
[Source "ChessBase"]
[SourceDate "2004.11.15"]
[SourceVersion "1"]
[SourceVersionDate "2004.11.15"]
[SourceQuality "1"]

1. Nf3 d5 2. g3 Nf6 3. Bg2 c5 4. 0-0 Nc6 5. d4 e6 6. c4 dxc4 7. Qa4 Bd7 8. Qxc4 cxd4 9. Nxd4 Rc8 10. Nxc6 Bxc6 11. Bxc6+ Rxc6 12. Qa4 a6 13. Bg5 Be7 14. Nc3 0-0 15. Rfd1 Qc7 16. Rd3 h6 17. Bf4 e5 18. Be3 b5 19. Qb3 Rc8 20. Rad1 Bc5 21. Nd5 Nxd5 22. Rxd5 Bxe3 23. Rd7 Bxf2+ 24. Kg2 Rf6 25. Rxc7 Rxc7 26. Rd8+ Kh7 27. Qd3+ g6 28. Ra8 Bd4 29. Qa3 Bc5 30. Qc3 Rf2+ 31. Kh3 Rxe2 32. Qf3 Rf2 33. Qd5 Rf5 34. Qd8 Rh5+ 35. Kg2 Bf8 36. Qxc7 1-0

[Event "Provence-ch prom Meyreuil 9394"]
[Site "France"]
[Date "1993.??.??"]
[Round "8"]
[White "Derien, Robert"]
[Black "Colandrea, Sauveur"]
[Result "1-0"]
[WhiteElo "1630"]
[BlackElo "1750"]
[PlyCount "85"]
[EventDate "1993.??.??"]
[EventType "tourn"]
[EventRounds "9"]
[EventCountry "FRA"]
[SourceTitle "EXT 2005"]
[Source "ChessBase"]
[SourceDate "2004.11.15"]
[SourceVersion "1"]
[SourceVersionDate "2004.11.15"]
[SourceQuality "1"]

1. e4 c5 2. d4 cxd4 3. c3 dxc3 4. Nxc3 e6 5. Nf3 d6 6. Bf4 a6 7. a4 Be7 8. Be2 e5 9. Bg3 Nf6 10. 0-0 0-0 11. h3 Be6 12. Ng5 Bd7 13. Bc4 Nc6 14. f4 h6 15. Nf3 Nh5 16. Bh2 exf4 17. Nd4 Nf6 18. Bxf4 Qb6 19. Be3 Qxb2 20. Nxc6 Bxc6 21. Bd4 Qb4 22. Qd3 d5 23. exd5 Rad8 24. Bxf6 Bxf6 25. Rxf6 gxf6 26. Ne4 Qb2 27. Rf1 f5 28. Rxf5 Bxa4 29. Nf6+ Kh8 30. Rh5 Qxf6 31. Qe3 Kg7 32. Bd3 Rg8 33. Rf5 Qa1+ 34. Kh2 Rge8 35. Qf4 Rd7 36. Qg4+ Kf8 37. Qh4 Qg7 38. Qxa4 Re3 39. Qxd7 Qg3+ 40. Kh1 Re1+ 41. Bf1 Re7 42. Qd8+ Re8 43. Qf6 1-0

[Event "Provence-ch prom Meyreuil 9394"]
[Site "France"]
[Date "1993.??.??"]
[Round "2"]
[White "Dumas, JL."]
[Black "Derien, Robert"]
[Result "1/2-1/2"]
[WhiteElo "1660"]
[BlackElo "1630"]
[PlyCount "128"]
[EventDate "1993.??.??"]
[EventType "tourn"]
[EventRounds "9"]
[EventCountry "FRA"]
[SourceTitle "EXT 2005"]
[Source "ChessBase"]
[SourceDate "2004.11.15"]
[SourceVersion "1"]
[SourceVersionDate "2004.11.15"]
[SourceQuality "1"]

1. d4 Nf6 2. c4 e5 3. d5 Bc5 4. Nc3 h6 5. e4 d6 6. h3 Bd7 7. Qf3 c6 8. Be2 a6 9. Qg3 g6 10. Bd3 b5 11. b3 Qa5 12. Bd2 Qb6 13. Nd1 b4 14. Ne2 cxd5 15. cxd5 Bb5 16. Qf3 Nbd7 17. 0-0 Nh5 18. Nb2 Bd4 19. Nxd4 exd4 20. Bxb4 Ne5 21. Qd1 Nxd3 22. Nxd3 Bxd3 23. Qxd3 Qxb4 24. Rac1 0-0 25. Rc4 Qb5 26. Qxd4 Rac8 27. Rfc1 Qb7 28. Qd2 Kh7 29. g3 Nf6 30. f3 Nd7 31. Kg2 Ne5 32. R4c3 Rxc3 33. Rxc3 Rc8 34. Qc2 Rxc3 35. Qxc3 Qb5 36. Qc2 a5 37. f4 Qd3 38. Qxd3 Nxd3 39. a3 f6 40. Kf3 Kg7 41. Ke3 Nc5 42. b4 axb4 43. axb4 Nd7 44. Kd4 Nb6 45. e5 fxe5+ 46. fxe5 dxe5+ 47. Kxe5 Kf7 48. Kd6 Nc4+ 49. Kc5 Ne5 50. b5 Ke7 51. Kd4 Nd7 52. g4 Kd6 53. h4 Nb6 54. h5 g5 55. Ke4 Nxd5 56. b6 Nxb6 57. Kf5 Nd7 58. Kg6 Ne5+ 59. Kxh6 Nxg4+ 60. Kxg5 Ne5 61. Kf5 Nf7 62. Kf6 Nh6 63. Kg6 Ng4 64. Kg5 Ne5 1/2-1/2